Top 12 best soccer players of all time - Statistics

General Stats
  • This quiz has been taken 58 times
  • The average score is 9 of 12
Answer Stats
Hint Answer % Correct
Argentina Messi
100%
Portugal Ronaldo
100%
Argentina Maradona
98%
Brazil Pele
96%
France Zidane
86%
Netherlands Cruyff
82%
Germany Muller
72%
Germany beckenbauer
66%
Brazil neymar
66%
France Platini
58%
Argentina Di Stefano
40%
Brazil Ronaldihno
2%
No matching quizzes found
Score Distribution
Percent of People with Each Score
Percentile by Number Answered
Your Score History
You have not taken this quiz